00771nam a2200181 i 450000100060000000300090000600500170001500700030003200800410003510000300007624501920010626000340029830000290033270000530036185200320041499900170044695201260046367858ES-MaACL20251016163150.0t|040206s1960 sp ||||1| spa d1 aGallego, Santiago.95354310aOración y llanto de la madera b: mensaje poético de las figuras de la Pasión / cSantiago Gallego ; prólogo de Francisco Javier Martín Abril ; ilustraciones de Publio Wilfrido. aValladolid : b[s.n., c1960] a87 p. : bil. ; c24 cm.1 aMartín Abril, Francisco Javier, d1908-977381 aES-MaACLjC-19138 bR.47494 c67858d67858 00104070aATENEOMbATENEOMcGaleríad2008-01-17eSCl0oC-19138p1071042r2023-02-23 00:00:00w2023-02-23yMONOGRAFIA